000 00982nam a2200325Ia 4500
001 22975
003 IT-RoPAU
008 130308s9999 xx 000 0 und d
040 _aIT-RoPAU
040 _cIT-RoPAU
041 _aINGLESE
100 _aWeedon Chris
100 _gCodice Aut. SPICS: 6275
245 _aIntroduction to Language Studies at the Centre
245 _bCulture, Media, Language-Working Papers in Cultural Studies, 1972-79
250 _a2a ed.
260 _aLONDON
260 _bHutchinson & C.
260 _c1981 [1° Ed.:1980 - Ed.Ling.Originale:1980]
300 _a"9 p. (prefazione: no ; testo: 9 [pagine: 177-185])"
500 _aIntroduzione Allo Studio del Linguaggio al Centro
650 _aSAGGI DI COMUNICAZIONE SOCIALE
650 _eCodice materia Spics: 3807
700 _aTolson AndrewMort Frank
700 _gCodice Aut. SPICS: 6277Codice Aut. SPICS: 6278
942 _cBK
957 _71
999 _c45086
_d45086
999 _bSI
999 _g1